| 000 | 00000nam 2200000zi 4500 |
| 001 | 9.898626 |
| 003 | CaOODSP |
| 005 | 20240718104048 |
| 006 | m o d f |
| 007 | cr |n||||||||| |
| 008 | 210413e198204##onc o f000 0|eng d |
| 040 | |aCaOODSP|beng|erda|cCaOODSP |
| 043 | |an-cn--- |
| 086 | 1 |aRE22-75/1982E-PDF |
| 245 | 00|aOverview and closing progress report : |bofficial languages : Department of Regional Economic Expansion, 1980-1981. |
| 246 | 34|aAnnual report, official languages, 1980-81 |
| 264 | 1|a[Ottawa] : |bDepartment of Regional Economic Expansion, |cApril 1982. |
| 300 | |a1 online resource (iii, 21 pages) |
| 336 | |atext|btxt|2rdacontent |
| 337 | |acomputer|bc|2rdamedia |
| 338 | |aonline resource|bcr|2rdacarrier |
| 500 | |aDigitized edition from print [produced by Innovation, Science and Economic Development Canada]. |
| 500 | |aIssued also in French under title: Vue d'ensemble et rapport final sur la situation des langues officielles, 1980-1981 : sommaire administratif. |
| 610 | 10|aCanada. |bDepartment of Regional Economic Expansion. |
| 650 | 0|aBilingualism|zCanada. |
| 650 | 0|aLanguage policy|zCanada. |
| 710 | 1 |aCanada. |bDepartment of Regional Economic Expansion, |eissuing body. |
| 775 | 08|tVue d'ensemble et rapport final sur la situation des langues officielles, 1980-1981 : |w(CaOODSP)9.940587 |
| 856 | 40|qPDF|s841 KB|uhttps://publications.gc.ca/collections/collection_2024/isde-ised/re22/RE22-75-1982-eng.pdf |